000 00294nam a2200121Ia 4500
005 20251222141814.0
008 251222s9999||||xx |||||||||||||| ||spa||
082 _a658.151/G24
100 _aGarcía Villacorta, Arturo
245 0 _aAnálisis Financiero Avanzado
264 _bUNMSM
942 _cLIB
999 _c6564
_d6564